00522nam a2200193 a 4500001001300000003000900013005001700022008004100039020000800080082001800088100001900106245005100125260004200176300000900218500003500227505002400262650002300286700001900309nice12345678IN_TiNIC20260116011754.0050524s1954 kara grp 000 0 urd  ac400a297.409bSHA2 aShaida, Warisi aHayat-E-Warisb Life of Saiyyed Waris Ali Shah aKarachibJubilee Printing Worksc1954 a576p aincludes index and biblioraphy2 aBibliography, Index aSufism-Hagiography1 aShaida, Warisi